Contrapuntal paraphrase on Weber's Invitation to the dance for two pianos with an optional accomp. of a third piano : for two pianos /

Hlavní autor: Godowsky, Leopold, 1870-1938
Jazyk: Nelze použít, není lingvistický obsah
Vydáno: New York : Fischer, 1922
Fyzický popis: 74, 74 s.
Hudebniny Hudebniny
Uloženo v:
LEADER 00882ncm a22002172a 4500
001 001219049
003 CZ BrMZK
005 20120601123149.0
007 qu
008 120601s1922 xxu|||||||||||||||||zxx d
040 |a BOA001  |b cze 
072 7 |a 786  |x Hudba pro klávesové nástroje  |2 Konspekt  |9 9 
100 1 |a Godowsky, Leopold,  |d 1870-1938  |7 jn19990002733  |4 cmp 
245 1 0 |a Contrapuntal paraphrase on Weber's Invitation to the dance  |h [hudebnina] :  |b for two pianos with an optional accomp. of a third piano : for two pianos /  |c Leopold Godowsky 
260 |a New York :  |b Fischer,  |c 1922 
300 |a 74, 74 s. 
910 |a BOA001  |b Mus4-0399.545 
990 |a MU 
991 |b 201205 
996 7 |b 2619620957  |c Mus4-0399.545  |l MZK  |r Sklad / do 1 hodiny  |n 0  |w 001252897  |u 000020  |a 1  |e BOA001  |j MZK50  |s A 
996 7 |b 2619620958  |c Mus4-0399.545  |l MZK  |r Sklad / do 1 hodiny  |n 0  |w 001252897  |u 000010  |a 1  |e BOA001  |j MZK50  |s A